US University Seals Quiz Stats

Quiz Updated Jun 9, 2016

Challenge
Share
Tweet
Score 0/40 Timer 10:00
1 Play Today
# University % Correct
3Maryland
78.1%
11Harvard
73.2%
2Stanford
68.6%
4Princeton
55.1%
5Virginia
46.8%
38Yale
28%
27Texas A&M
27.9%
14Notre Dame
22.3%
1Ohio State
19%
32Northwestern
15%
35Clemson
14.8%
17Penn State
12.9%
36Michigan
12.8%
20Duke
11.8%
6Connecticut
11.1%
24Oregon
10.8%
23North Carolina
10.2%
18Michigan State
8.8%
7Texas
8.8%
25Auburn
7.8%
# University % Correct
33Pittsburgh
7.6%
10Washington
7.5%
19California
7.2%
34Georgia
7.2%
40Alabama
7.1%
21Indiana
6.4%
30NYU
6.4%
8Florida State
6.3%
31Oklahoma
5.6%
9MIT
5.3%
16Kentucky
5%
15Rutgers
4.9%
28USC
4.5%
12South Carolina
4.4%
29Arizona
4%
39Georgia Tech
3.7%
13Cincinnati
2.8%
26Illinois
2.6%
22Kansas State
2.1%
37Arizona State
1.8%

You're not logged in!

Compare scores with friends on all Sporcle quizzes.
Sign Up with Email
OR
Log In

You Might Also Like...

Show Comments

Extras

Top Quizzes Today


Score Distribution

Your Account Isn't Verified!

In order to create a playlist on Sporcle, you need to verify the email address you used during registration. Go to your Sporcle Settings to finish the process.